00618nam a2200181Ia 4500001001000000003000500010008004100015010001100056040000900067082001700076100004000093245015000133260002700283300001100310650004900321650002900370700003700399Para_7503CHAP220125s1976 xx 000 0 und d a206391 cCHAP aPA 632.58 G3 aGarcía Abriles, José Valentín aManual de malezas en el Perú :b comunes en la caña de azúcar /c por José Valentín García Abriles y José María González Negri aLima :b Rhone-Poulenc a224 p. aCaña de azúcar x malas hierbasxcontrol aMalas hierbas x Perú  aGonzález Negri, José María